BRATZ SPRING BREAK SAFARI (Record no. 7616)
[ view plain ]
| 000 -LEADER | |
|---|---|
| fixed length control field | 00648nam a22001457a 4500 |
| 020 ## - INTERNATIONAL STANDARD BOOK NUMBER | |
| ISBN | 978-1-4054-8728-1 |
| 082 ## - DEWEY DECIMAL CLASSIFICATION NUMBER | |
| Classification number | 823 |
| Item number | PEY/S |
| 100 ## - MAIN ENTRY--AUTHOR NAME | |
| Personal name | PEYMANI, CHRISTINE |
| 245 ## - TITLE STATEMENT | |
| Title | BRATZ SPRING BREAK SAFARI |
| 260 ## - PUBLICATION, DISTRIBUTION, ETC. (IMPRINT) | |
| Place of publication | UNITED KINGDOM |
| Name of publisher | PARRAGON |
| Year of publication | 2007 |
| 300 ## - PHYSICAL DESCRIPTION | |
| Number of Pages | 123 |
| 520 ## - SUMMARY, ETC. | |
| Summary, etc | Blurb. The Bratz are spending their Spring Break on an eco-tour of the rainforest with their biology class - and they're super stoked... until things start going wrong. First, their tents are knocked down, then their food disappears and so do all their notes for the jungle edition of Bratz magazine! |
| 650 ## - SUBJECT ADDED ENTRY--TOPICAL TERM | |
| Topical Term | CHILDREN'S STORY BOOK |
| Geographic subdivision | UNITED KINGDOM |
| 942 ## - ADDED ENTRY ELEMENTS (KOHA) | |
| Koha item type | Books |
| Withdrawn status | Lost status | Collection code | Home library | Current library | Shelving location | Date acquired | Source of acquisition | Full call number | Accession Number | Koha item type |
|---|---|---|---|---|---|---|---|---|---|---|
| Fiction | Main Library | Main Library | SHELF 4-G FAIRY TALES,COMICS | 07/11/2013 | purchase | 823 PEY/S | 06553 | Books |